[Event "Aktobe Dvorkovich op-A"]
[Site "Aktobe"]
[Date "2025.06.28"]
[Round "7"]
[White "Badelka, Olga"]
[Black "Nurgaliyeva, Zarina"]
[Result "1/2-1/2"]
[WhiteElo "2424"]
[BlackElo "2252"]
[PlyCount "171"]
[EventDate "2025.06.22"]
[EventType "swiss"]
[EventRounds "9"]
[EventCountry "KAZ"]
[SourceTitle "CB27_2025"]
[SourceDate "2025.07.02"]
[SourceVersion "1"]
[SourceVersionDate "2025.07.02"]
[SourceQuality "1"]

1. Nf3 d5 2. g3 g6 3. Bg2 Bg7 4. d4 c6 5. 0-0 Nf6 6. Nbd2 Ne4 7. c3 Nxd2 8. Nxd2 0-0 9. e4 dxe4 10. Nxe4 Nd7 11. Re1 Nf6 12. Bg5 Nxe4 13. Rxe4 Be6 14. Qe2 Re8 15. Qe3 Qb6 16. b3 Qa5 17. b4 Qc7 18. Re1 a5 19. a3 axb4 20. axb4 Qd7 21. h4 h5 22. Qc1 Kh7 23. Rxe6 fxe6 24. g4 hxg4 25. h5 Rh8 26. Qb1 Kg8 27. Qxg6 Qe8 28. Qxe6+ Qf7 29. Qxg4 Qxh5 30. Qg3 Qg6 31. Be4 Qf7 32. Bf3 Qg6 33. Bg4 Bf6 34. Bxf6 exf6 35. Qf4 Rh4 36. f3 Qh6 37. Qxh6 Rxh6 38. Re7 Rh7 39. Re6 Kf7 40. Rd6 Rg7 41. Kf2 Ra3 42. c4 Rb3 43. b5 cxb5 44. c5 Kg6 45. Kg3 Kf7 46. Kf2 Kg6 47. Kg3 Kg5 48. Rd5+ Kg6 49. Kf4 Rc7 50. Rd6 Rb2 51. Bf5+ Kg7 52. Rb6 b4 53. Be4 b3 54. Bxb7 Rb1 55. Be4 Rd1 56. Ke3 Re7 57. c6 f5 58. Rb7 Kf6 59. c7 Rc1 60. Rb6+ Kg7 61. d5 fxe4 62. d6 Rd7 63. fxe4 b2 64. e5 Re1+ 65. Kd4 Rd1+ 66. Ke4 Rc1 67. Rxb2 Rcxc7 68. dxc7 Rxc7 69. Kd5 Kf7 70. Kd6 Re7 71. Rf2+ Ke8 72. Ra2 Rd7+ 73. Ke6 Re7+ 74. Kf6 Rf7+ 75. Kg6 Rb7 76. Rh2 Rb6+ 77. Kf5 Ke7 78. Rh7+ Ke8 79. Rg7 Kf8 80. Rd7 Ke8 81. Rd6 Rxd6 82. exd6 Kd7 83. Ke5 Kd8 84. Ke6 Ke8 85. d7+ Kd8 86. Kd6 1/2-1/2

[Event "Aktobe Dvorkovich op-A"]
[Site "Aktobe"]
[Date "2025.06.24"]
[Round "3"]
[White "Chertkov, Maksim"]
[Black "Badelka, Olga"]
[Result "1/2-1/2"]
[WhiteElo "2322"]
[BlackElo "2424"]
[PlyCount "93"]
[EventDate "2025.06.22"]
[EventType "swiss"]
[EventRounds "9"]
[EventCountry "KAZ"]
[SourceTitle "CB27_2025"]
[SourceDate "2025.07.02"]
[SourceVersion "1"]
[SourceVersionDate "2025.07.02"]
[SourceQuality "1"]

1. e4 e5 2. Nf3 Nc6 3. Bc4 d6 4. 0-0 Be7 5. c3 Nf6 6. Re1 0-0 7. d4 Bg4 8. d5 Nb8 9. h3 Bh5 10. Nbd2 c6 11. dxc6 bxc6 12. Nf1 d5 13. Be2 Nxe4 14. Nxe5 Bxe2 15. Rxe2 Bd6 16. Nf3 a5 17. Be3 a4 18. N1d2 f5 19. Nxe4 fxe4 20. Nd4 Qd7 21. c4 c5 22. Nb5 d4 23. Bg5 Be7 24. Bxe7 Qxe7 25. Qc2 Nc6 26. Qxe4 Qxe4 27. Rxe4 Rae8 28. Rae1 Rxe4 29. Rxe4 Nb4 30. a3 Nd3 31. Re2 Nc1 32. Re1 Nb3 33. Nd6 d3 34. Rd1 d2 35. Kf1 Rf4 36. f3 Rd4 37. Ne4 Rxc4 38. Nxd2 Rc2 39. Ne4 Rxb2 40. Rd8+ Kf7 41. Ra8 Nd2+ 42. Nxd2 Rxd2 43. Rxa4 Rc2 44. Ra7+ Kf6 45. Rc7 c4 46. f4 h5 47. g4 1/2-1/2

[Event "Aktobe Dvorkovich op-A"]
[Site "Aktobe"]
[Date "2025.06.23"]
[Round "2"]
[White "Badelka, Olga"]
[Black "Kamalidenova, Meruert"]
[Result "1/2-1/2"]
[WhiteElo "2424"]
[BlackElo "2330"]
[PlyCount "117"]
[EventDate "2025.06.22"]
[EventType "swiss"]
[EventRounds "9"]
[EventCountry "KAZ"]
[SourceTitle "CB27_2025"]
[SourceDate "2025.07.02"]
[SourceVersion "1"]
[SourceVersionDate "2025.07.02"]
[SourceQuality "1"]

1. d4 d5 2. c4 e6 3. Nf3 c5 4. cxd5 exd5 5. g3 Nf6 6. Bg2 Nc6 7. 0-0 Be7 8. Nc3 0-0 9. dxc5 Bxc5 10. Bg5 d4 11. Bxf6 Qxf6 12. Ne4 Qe7 13. Nxc5 Qxc5 14. Ne1 Qb6 15. Nd3 Bf5 16. Qd2 Rfe8 17. Rac1 Bxd3 18. exd3 Ne5 19. h3 h6 20. Rfd1 Re7 21. Re1 Rae8 22. Re4 f5 23. Re2 Qb5 24. Rce1 Kf8 25. Qf4 Nxd3 26. Rxe7 Rxe7 27. Qb8+ Qe8 28. Qxe8+ Kxe8 29. Rd1 Re1+ 30. Rxe1+ Nxe1 31. Bxb7 Nd3 32. Kf1 Nxb2 33. Bc8 f4 34. gxf4 Nd3 35. Ke2 Nxf4+ 36. Kf3 g5 37. h4 d3 38. Bf5 d2 39. Bc2 Nd5 40. hxg5 hxg5 41. Ke2 Nc3+ 42. Kxd2 Nxa2 43. Ke3 Nc3 44. Kd4 Ne2+ 45. Ke5 Ke7 46. Ba4 Nc3 47. Bb3 Nb5 48. Bd1 Nd6 49. f4 Nc4+ 50. Ke4 Nb2 51. Bb3 gxf4 52. Kxf4 Kd6 53. Ke3 Kc5 54. Kd2 Kb4 55. Kc2 Nd3 56. Bf7 Nc5 57. Kb2 a5 58. Be8 a4 59. Bxa4 1/2-1/2

[Event "WchT Blitz Pool A"]
[Site "London"]
[Date "2025.06.14"]
[Round "2.5"]
[White "Badelka, Olga"]
[Black "Garcia Martin, Marta"]
[Result "1-0"]
[WhiteElo "2424"]
[BlackElo "2339"]
[PlyCount "93"]
[EventDate "2025.06.14"]
[EventType "team-tourn"]
[EventRounds "13"]
[EventCountry "ENG"]
[SourceTitle "CB25_2025"]
[SourceDate "2025.06.18"]
[SourceVersion "1"]
[SourceVersionDate "2025.06.18"]
[SourceQuality "1"]
[WhiteTeam "Global Ramblers"]
[BlackTeam "ChessbrahTV"]
[WhiteTeamCountry "UKR"]
[BlackTeamCountry "CAN"]

1. d4 d5 2. Nf3 e6 3. e3 Nf6 4. Bd3 b6 5. b3 Bb7 6. Bb2 Bd6 7. Nbd2 0-0 8. 0-0 c5 9. Ne5 Nc6 10. a3 Rc8 11. Qe2 Ne7 12. dxc5 bxc5 13. c4 Ng6 14. Nef3 Ne4 15. Rfd1 Qe7 16. Nf1 Rfd8 17. Rac1 Bc6 18. Ng3 Rb8 19. cxd5 exd5 20. Nf5 Qb7 21. Bxe4 dxe4 22. Nxd6 Rxd6 23. Rxd6 exf3 24. Qd3 fxg2 25. Qc3 f6 26. Qxc5 Bf3 27. Qc4+ Kh8 28. Qc7 Qxc7 29. Rxc7 Ne5 30. Bxe5 fxe5 31. Rcd7 h6 32. Rd8+ Rxd8 33. Rxd8+ Kh7 34. Rd7 a6 35. Ra7 Bd5 36. b4 Bc4 37. Kxg2 Kg6 38. Kg3 Kf6 39. Kf3 Bd5+ 40. Ke2 Bc4+ 41. Kd2 e4 42. a4 g5 43. Kc3 Be2 44. Kd4 Kf5 45. Rf7+ Kg6 46. Re7 Bd3 47. Rxe4 1-0

[Event "WchT Blitz Pool A"]
[Site "London"]
[Date "2025.06.14"]
[Round "13.5"]
[White "Badelka, Olga"]
[Black "Volovich, Julia"]
[Result "1-0"]
[WhiteElo "2424"]
[BlackElo "1945"]
[PlyCount "105"]
[EventDate "2025.06.14"]
[EventType "team-tourn"]
[EventRounds "13"]
[EventCountry "ENG"]
[SourceTitle "CB25_2025"]
[SourceDate "2025.06.18"]
[SourceVersion "1"]
[SourceVersionDate "2025.06.18"]
[SourceQuality "1"]
[WhiteTeam "Global Ramblers"]
[BlackTeam "Chess Trust Accelerators"]
[WhiteTeamCountry "UKR"]
[BlackTeamCountry "ENG"]

1. d4 Nf6 2. c4 g6 3. Nc3 d5 4. Bg5 Bg7 5. Bxf6 Bxf6 6. cxd5 c6 7. dxc6 Bxd4 8. cxb7 Bxb7 9. e3 Bxc3+ 10. bxc3 0-0 11. Qxd8 Rxd8 12. Nf3 Nd7 13. Bb5 Nf6 14. 0-0 Ne4 15. Rfc1 Rac8 16. c4 Nd6 17. Ne5 Nxb5 18. cxb5 Rxc1+ 19. Rxc1 Rd2 20. a4 Ra2 21. h3 Rxa4 22. Rc7 Bd5 23. Rxe7 Ra5 24. Re8+ Kg7 25. Rb8 Ra1+ 26. Kh2 Rb1 27. Kg3 Rb3 28. h4 h6 29. Nf3 Rb2 30. Nd4 a6 31. b6 a5 32. f3 a4 33. Rd8 Rxb6 34. Rxd5 Ra6 35. Nc2 a3 36. Rd1 g5 37. hxg5 hxg5 38. Ra1 f5 39. Rxa3 Rg6 40. Ra7+ Kh6 41. Nd4 f4+ 42. exf4 gxf4+ 43. Kh3 Kg5 44. Ra5+ Kh6 45. Rf5 Rd6 46. Rxf4 Kg5 47. Rg4+ Kf6 48. Ne2 Ke5 49. Ng3 Rh6+ 50. Rh4 Rg6 51. f4+ Kf6 52. Ne4+ Kf5 53. Ng3+ 1-0

[Event "WchT Blitz Pool A"]
[Site "London"]
[Date "2025.06.14"]
[Round "7.5"]
[White "Lu, Miaoyi"]
[Black "Badelka, Olga"]
[Result "0-1"]
[WhiteElo "2452"]
[BlackElo "2424"]
[PlyCount "74"]
[EventDate "2025.06.14"]
[EventType "team-tourn"]
[EventRounds "13"]
[EventCountry "ENG"]
[SourceTitle "CB25_2025"]
[SourceDate "2025.06.18"]
[SourceVersion "1"]
[SourceVersionDate "2025.06.18"]
[SourceQuality "1"]
[WhiteTeam "Turkish Airlines Sports"]
[BlackTeam "Global Ramblers"]
[WhiteTeamCountry "TUR"]
[BlackTeamCountry "UKR"]

1. e4 e6 2. d4 d5 3. Nc3 Nf6 4. e5 Nfd7 5. f4 c5 6. dxc5 Nc6 7. Bd2 Bxc5 8. Qg4 0-0 9. Nf3 f5 10. Qh3 Nb6 11. 0-0-0 a6 12. g4 fxg4 13. Qxg4 Ne7 14. Nh4 Nf5 15. Nxf5 exf5 16. Qf3 Be6 17. Bg2 Qc7 18. Be3 Rfd8 19. Ne2 Na4 20. Bxc5 Nxc5 21. Nd4 Rac8 22. h4 Bf7 23. Bh3 Ne6 24. Rh2 Nxd4 25. Rxd4 Be6 26. h5 h6 27. Rg2 Qb6 28. Qd3 Rc4 29. c3 Rxd4 30. cxd4 Rc8+ 31. Kb1 Qb4 32. a3 Qe1+ 33. Ka2 Rc1 34. Rg6 Bd7 35. Bxf5 Ba4 36. Be6+ Kh8 37. b3 Qf2+ 0-1

[Event "ISR-chT (Women)"]
[Site "Netanya"]
[Date "2025.05.31"]
[Round "5.1"]
[White "Doluhanova, Evgeniya"]
[Black "Badelka, Olga"]
[Result "0-1"]
[WhiteElo "2252"]
[BlackElo "2426"]
[PlyCount "96"]
[EventDate "2025.05.29"]
[EventType "team-swiss"]
[EventRounds "6"]
[EventCountry "ISR"]
[SourceTitle "CB23_2025"]
[SourceDate "2025.06.04"]
[SourceVersion "1"]
[SourceVersionDate "2025.06.04"]
[SourceQuality "1"]
[WhiteTeam "Beer Sheva (W)"]
[BlackTeam "Rishon Le Zion (W)"]
[WhiteTeamCountry "ISR"]
[BlackTeamCountry "ISR"]

1. Nf3 d5 2. e3 Nf6 3. c4 e6 4. Be2 Bd6 5. 0-0 0-0 6. b3 Re8 7. Bb2 b6 8. d4 Bb7 9. Nc3 a6 10. Rc1 Nbd7 11. a3 Qe7 12. cxd5 exd5 13. b4 Qe6 14. Ng5 Qf5 15. h4 Nf8 16. Bd3 Qd7 17. Qf3 Qe7 18. Rfe1 Ne4 19. Qh5 g6 20. Qh6 Nf6 21. Nf3 Rad8 22. e4 dxe4 23. d5 Ng4 24. Qd2 e3 25. fxe3 Bg3 26. Re2 Bxd5 27. Nxd5 Rxd5 28. Qc3 Ne5 29. Be4 Rdd8 30. h5 Nfd7 31. hxg6 hxg6 32. Bc6 Nxf3+ 33. gxf3 Be5 34. Qb3 Bxb2 35. Rxb2 Qf6 36. Rg2 Ne5 37. Be4 Nxf3+ 38. Bxf3 Qxf3 39. Rxg6+ Kf8 40. Rg2 Rxe3 41. Qb2 Rd1+ 42. Rxd1 Qxd1+ 43. Kh2 Qh5+ 44. Kg1 Qd1+ 45. Kh2 Qd6+ 46. Kg1 Qe5 47. Qd2 Ke7 48. Kf2 Rb3 0-1

[Event "Nikosia FIDE GP (Women)"]
[Site "Nicosia"]
[Date "2025.03.18"]
[Round "4"]
[White "Harika, Dronavalli"]
[Black "Badelka, Olga"]
[Result "1-0"]
[WhiteElo "2483"]
[BlackElo "2429"]
[PlyCount "53"]
[EventDate "2025.03.15"]
[EventType "tourn"]
[EventRounds "9"]
[EventCountry "CYP"]
[EventCategory "10"]
[SourceTitle "CB13_2025"]
[SourceDate "2025.03.26"]
[SourceVersion "1"]
[SourceVersionDate "2025.03.26"]
[SourceQuality "1"]

1. c4 e5 2. a3 d6 3. Nc3 g6 4. h4 Nf6 5. e4 Nc6 6. d3 Bg7 7. Nge2 Be6 8. Nd5 Qd7 9. Bh6 0-0 10. Nxf6+ Bxf6 11. Bxf8 Rxf8 12. Qd2 Bg7 13. h5 f5 14. hxg6 hxg6 15. exf5 Bxf5 16. f3 a6 17. g4 Be6 18. Qg5 e4 19. fxe4 Ne5 20. 0-0-0 Bxg4 21. d4 Nxc4 22. Nc3 b5 23. Qxg6 Rf2 24. Bxc4+ bxc4 25. Rdg1 Bf3 26. Qh7+ Kf8 27. Qh8+ 1-0

[Event "Titled Tuesday intern op 04th Feb Early"]
[Site "Chess.com INT"]
[Date "2025.02.04"]
[Round "1"]
[White "Badelka, Olga"]
[Black "Bjerre, Jonas Buhl"]
[Result "0-1"]
[WhiteElo "2429"]
[BlackElo "2640"]
[PlyCount "40"]
[EventDate "2025.02.04"]
[EventType "swiss (blitz)"]
[EventRounds "11"]
[EventCountry "USA"]
[SourceTitle "CB07_2025"]
[SourceDate "2025.02.12"]
[SourceVersion "1"]
[SourceVersionDate "2025.02.12"]
[SourceQuality "1"]

1. d4 Nf6 2. Nf3 d5 3. g3 c5 4. c4 dxc4 5. Bg2 Nc6 6. Qa4 cxd4 7. Nxd4 Qxd4 8. Bxc6+ Bd7 9. Bxd7+ Qxd7 10. Qxd7+ Nxd7 11. Be3 e6 12. Nd2 Rc8 13. a4 Bb4 14. 0-0 Nc5 15. Nf3 f6 16. Rfd1 Ke7 17. a5 Nb3 18. Ra4 Bxa5 19. Nd4 Rhd8 20. Kg2 Bb6 0-1

[Event "Swiss Queens Wed #43"]
[Site "FIDE Online Arena INT"]
[Date "2024.11.20"]
[Round "5"]
[White "Girya, Olga"]
[Black "Badelka, Olga"]
[Result "0-1"]
[WhiteElo "2398"]
[BlackElo "2440"]
[PlyCount "80"]
[EventDate "2024.11.20"]
[EventType "swiss (blitz)"]
[EventRounds "11"]
[EventCountry "NET"]
[SourceTitle "CB48_2024"]
[SourceDate "2024.11.28"]
[SourceVersion "1"]
[SourceVersionDate "2024.11.28"]
[SourceQuality "1"]

1. d4 b5 2. e4 Bb7 3. Nd2 a6 4. Ngf3 e6 5. Bd3 c5 6. dxc5 Bxc5 7. 0-0 Ne7 8. a4 b4 9. Nb3 Ba7 10. Qe2 0-0 11. Be3 Bxe3 12. Qxe3 d6 13. Rfd1 a5 14. e5 Bxf3 15. Qxf3 d5 16. c4 Nbc6 17. cxd5 Nxd5 18. Rac1 Nxe5 19. Bxh7+ Kxh7 20. Qh5+ Kg8 21. Qxe5 Qb6 22. Rd3 Rac8 23. Rcd1 Rc2 24. Nd4 Rxb2 25. Rg3 f6 26. Qxe6+ Qxe6 27. Nxe6 Nc3 28. Rxg7+ Kh8 29. Rgd7 Nxd1 30. Nxf8 Nxf2 31. Ng6+ Kg8 32. Ne7+ Kf8 33. Nd5 Ne4 34. h4 Ra2 35. h5 b3 36. h6 b2 37. Rd8+ Kf7 38. Rd7+ Kg6 39. h7 b1Q+ 40. Kh2 Qb8+ 0-1

[Event "Swiss Queens Wed #43"]
[Site "FIDE Online Arena INT"]
[Date "2024.11.20"]
[Round "7"]
[White "Priyanka, Nutakki"]
[Black "Badelka, Olga"]
[Result "1-0"]
[WhiteElo "2262"]
[BlackElo "2440"]
[PlyCount "113"]
[EventDate "2024.11.20"]
[EventType "swiss (blitz)"]
[EventRounds "11"]
[EventCountry "NET"]
[SourceTitle "CB48_2024"]
[SourceDate "2024.11.28"]
[SourceVersion "1"]
[SourceVersionDate "2024.11.28"]
[SourceQuality "1"]

1. c4 e6 2. Nf3 d5 3. e3 c5 4. cxd5 exd5 5. d4 Nf6 6. Bb5+ Nc6 7. 0-0 Be6 8. Nc3 a6 9. Bxc6+ bxc6 10. Ne5 Qc7 11. Qa4 Rc8 12. Qxa6 Bd6 13. f4 0-0 14. Qe2 Rfe8 15. Qf3 Qa7 16. Ne2 cxd4 17. Nxd4 Ne4 18. Nexc6 Qb6 19. Ne5 f6 20. Nd3 Bd7 21. Nf2 Bc5 22. Nxe4 dxe4 23. Qd1 Red8 24. Qb3+ Qxb3 25. Nxb3 Bb5 26. Nxc5 Bxf1 27. b4 Bc4 28. a4 Rd1+ 29. Kf2 Rb8 30. b5 g5 31. Kg3 h5 32. h4 gxf4+ 33. Kxf4 Rf1+ 34. Kg3 Rc8 35. Nxe4 Bd5 36. Bb2 Rxa1 37. Nxf6+ Kf7 38. Bxa1 Bc4 39. Ne4 Ke6 40. Bd4 Ra8 41. b6 Bd5 42. Nc5+ Kd6 43. b7 Rb8 44. a5 Bxb7 45. Be5+ Kxe5 46. Nd7+ Kd6 47. Nxb8 Kc7 48. a6 Bd5 49. a7 Kb7 50. Nd7 Kxa7 51. Nf6 Bf7 52. Kf4 Kb6 53. Kg5 Kc6 54. Nxh5 Kd6 55. Nf4 Ke7 56. Ng6+ Ke8 57. h5 1-0

[Event "Kazakhstan Cup Final (Women)"]
[Site "Almaty"]
[Date "2024.11.12"]
[Round "2.2"]
[White "Kaliakhmet, Elnaz"]
[Black "Badelka, Olga"]
[Result "1/2-1/2"]
[WhiteElo "2108"]
[BlackElo "2440"]
[PlyCount "92"]
[EventDate "2024.11.12"]
[EventType "k.o."]
[EventRounds "4"]
[EventCountry "KAZ"]
[SourceTitle "CB47_2024"]
[SourceDate "2024.11.20"]
[SourceVersion "1"]
[SourceVersionDate "2024.11.20"]
[SourceQuality "1"]

1. d4 d6 2. c4 e5 3. Nc3 exd4 4. Qxd4 Nc6 5. Qd2 Nf6 6. b3 a5 7. Bb2 a4 8. Rd1 axb3 9. axb3 Be7 10. g3 Bf5 11. Bg2 Na5 12. e4 Bg6 13. Qc2 0-0 14. Nge2 Nd7 15. Nd5 Re8 16. 0-0 Bf8 17. Nef4 c6 18. Nxg6 hxg6 19. b4 cxd5 20. bxa5 Rxa5 21. cxd5 b5 22. Qc6 Nb8 23. Qc3 Re7 24. Ra1 Rxa1 25. Rxa1 Rb7 26. e5 b4 27. Qd4 dxe5 28. Qxe5 Qd6 29. Qe3 Nd7 30. Rc1 b3 31. Rc6 Qb4 32. d6 Rb6 33. Bd5 Qg4 34. Bf3 Qf5 35. Rxb6 Nxb6 36. Qxb3 Nd7 37. Qc3 Qe6 38. Qd4 Qxd6 39. Qxd6 Bxd6 40. Kg2 Be5 41. Ba3 Bd4 42. Bd5 Ne5 43. f3 Nd7 44. Bc6 Ne5 45. Bd5 Nd7 46. Bc6 Ne5 1/2-1/2

[Event "EU-Cup (Women) 28th"]
[Site "Vrnjacka Banja"]
[Date "2024.10.26"]
[Round "7.1"]
[White "Badelka, Olga"]
[Black "Khademalsharieh, Sarasadat"]
[Result "1-0"]
[WhiteElo "2430"]
[BlackElo "2478"]
[PlyCount "117"]
[EventDate "2024.10.20"]
[EventType "team-swiss"]
[EventRounds "7"]
[EventCountry "SRB"]
[SourceTitle "CB44_2024"]
[Source "Chessbase"]
[SourceDate "2024.10.30"]
[SourceVersion "1"]
[SourceVersionDate "2024.10.30"]
[SourceQuality "1"]
[WhiteTeam "Ljubljana Tajfun (W)"]
[BlackTeam "Monte Carlo (W)"]
[WhiteTeamCountry "SLO"]
[BlackTeamCountry "MNC"]

1. e4 e5 2. Nf3 Nc6 3. d4 exd4 4. Nxd4 Nf6 5. Nxc6 bxc6 6. Nd2 d5 7. exd5 cxd5 8. Bb5+ Bd7 9. Bxd7+ Qxd7 10. 0-0 Be7 11. b3 0-0 12. Bb2 Qf5 13. Re1 Bc5 14. Qf3 Qxf3 15. Nxf3 Ne4 16. Re2 Rfe8 17. Rd1 c6 18. Nd4 Rac8 19. f3 Nd6 20. Rxe8+ Rxe8 21. Kf1 Rc8 22. g4 h5 23. h3 hxg4 24. hxg4 Bb6 25. a4 Bc5 26. Ke2 f6 27. Kd2 Kf7 28. Re1 Bb6 29. Kd1 c5 30. Ne2 Ba5 31. Bc3 Bc7 32. Bd2 Nb7 33. Rh1 Rd8 34. Rh5 Rd7 35. Rh8 Nd8 36. Nf4 Bxf4 37. Bxf4 Ne6 38. Bd2 g5 39. Ra8 Rb7 40. a5 Nd4 41. a6 Rd7 42. f4 gxf4 43. Bxf4 Nc6 44. Rc8 Nb4 45. c3 Na2 46. Bd2 d4 47. c4 Nb4 48. Bxb4 cxb4 49. Rb8 Ke6 50. Rb7 Rd8 51. Rxa7 Rh8 52. Rb7 Ke5 53. a7 Rh1+ 54. Ke2 Ra1 55. Rd7 Ra3 56. c5 Ke4 57. c6 d3+ 58. Kf2 d2 59. Ke2 1-0

[Event "EU-Cup (Women) 28th"]
[Site "Vrnjacka Banja"]
[Date "2024.10.21"]
[Round "2.3"]
[White "Khalafova, Narmin Ilgar Qizi"]
[Black "Badelka, Olga"]
[Result "0-1"]
[WhiteElo "2278"]
[BlackElo "2430"]
[PlyCount "68"]
[EventDate "2024.10.20"]
[EventType "team-swiss"]
[EventRounds "7"]
[EventCountry "SRB"]
[SourceTitle "CB44_2024"]
[Source "Chessbase"]
[SourceDate "2024.10.30"]
[SourceVersion "1"]
[SourceVersionDate "2024.10.30"]
[SourceQuality "1"]
[WhiteTeam "Bonnevoie Gambit (W)"]
[BlackTeam "Ljubljana Tajfun (W)"]
[WhiteTeamCountry "LUX"]
[BlackTeamCountry "SLO"]

1. e4 c5 2. Nf3 Nc6 3. d4 cxd4 4. Nxd4 Nf6 5. Nc3 e5 6. Ndb5 d6 7. Bg5 a6 8. Na3 b5 9. Nab1 Be7 10. Bxf6 Bxf6 11. a4 b4 12. Nd5 0-0 13. Bc4 Bg5 14. h4 Bh6 15. g4 Bf4 16. g5 Be6 17. Qd3 Na5 18. Nd2 Bxd2+ 19. Kxd2 Nxc4+ 20. Qxc4 Bxd5 21. Qxd5 Qb6 22. Rhf1 Rac8 23. f4 Rc5 24. Qb3 Rfc8 25. fxe5 Qc7 26. Rac1 dxe5 27. Rf3 Rc4 28. Rd3 Qc5 29. Rf3 Qd4+ 30. Ke1 Qg1+ 31. Kd2 Rd8+ 32. Rd3 Rxd3+ 33. Kxd3 Rd4+ 34. Ke2 Qxc1 0-1

[Event "EU-Cup (Women) 28th"]
[Site "Vrnjacka Banja"]
[Date "2024.10.20"]
[Round "1.2"]
[White "Marcetic, Marija"]
[Black "Badelka, Olga"]
[Result "0-1"]
[WhiteElo "2053"]
[BlackElo "2430"]
[PlyCount "58"]
[EventDate "2024.10.20"]
[EventType "team-swiss"]
[EventRounds "7"]
[EventCountry "SRB"]
[SourceTitle "CB44_2024"]
[Source "Chessbase"]
[SourceDate "2024.10.30"]
[SourceVersion "1"]
[SourceVersionDate "2024.10.30"]
[SourceQuality "1"]
[WhiteTeam "Stockholm Wasa (W)"]
[BlackTeam "Ljubljana Tajfun (W)"]
[WhiteTeamCountry "SWE"]
[BlackTeamCountry "SLO"]

1. e3 Nf6 2. Nf3 g6 3. c4 c5 4. Nc3 Bg7 5. Be2 0-0 6. 0-0 Nc6 7. d3 d5 8. cxd5 Nxd5 9. Bd2 Ndb4 10. Qb1 Bg4 11. a3 Bxf3 12. gxf3 Nd5 13. Qc2 Rc8 14. Nxd5 Qxd5 15. Rac1 b6 16. f4 Rfd8 17. b4 cxb4 18. axb4 Nd4 19. Qd1 Rxc1 20. Bxc1 Nxe2+ 21. Qxe2 Qxd3 22. Qa2 a6 23. Ba3 e5 24. fxe5 Bxe5 25. Rc1 b5 26. Rb1 Qe4 27. Rc1 Qg4+ 28. Kf1 Bxh2 29. Bb2 Rd2 0-1

[Event "Swiss Queens Wed #35"]
[Site "FIDE Online Arena INT"]
[Date "2024.09.25"]
[Round "7"]
[White "Badelka, Olga"]
[Black "Maltsevskaya, Aleksandra"]
[Result "0-1"]
[WhiteElo "2430"]
[BlackElo "2404"]
[PlyCount "66"]
[EventDate "2024.09.25"]
[EventType "swiss (blitz)"]
[EventRounds "11"]
[EventCountry "NET"]
[SourceTitle "EXT 2025"]
[Source "ChessBase"]
[SourceDate "2024.10.14"]
[SourceVersion "1"]
[SourceVersionDate "2024.10.14"]
[SourceQuality "1"]

1. g3 g6 2. Bg2 Bg7 3. e4 c5 4. f4 Nc6 5. d3 d6 6. Nf3 b6 7. 0-0 Bb7 8. c3 Nf6 9. Kh1 0-0 10. Be3 c4 11. Nd4 e5 12. Nxc6 Bxc6 13. Na3 cxd3 14. Qxd3 Qc8 15. Nc4 Bb5 16. b3 Bxc4 17. bxc4 Qc6 18. Rad1 Rac8 19. Qxd6 Qxc4 20. fxe5 Nxe4 21. Qd4 Nxc3 22. Qxc4 Rxc4 23. Rd7 Bxe5 24. Rxa7 b5 25. a3 Bd4 26. Bxd4 Rxd4 27. Rc7 Ne4 28. Re1 Nd6 29. h3 Rd3 30. g4 Rxa3 31. Rd7 Rd3 32. Bf1 Rd4 33. Ree7 b4 0-1

[Event "Swiss Queens Wed #35"]
[Site "FIDE Online Arena INT"]
[Date "2024.09.25"]
[Round "4"]
[White "Badelka, Olga"]
[Black "Singgih, Diajeng Theresa"]
[Result "1-0"]
[WhiteElo "2430"]
[BlackElo "1870"]
[PlyCount "83"]
[EventDate "2024.09.25"]
[EventType "swiss (blitz)"]
[EventRounds "11"]
[EventCountry "NET"]
[SourceTitle "EXT 2025"]
[Source "ChessBase"]
[SourceDate "2024.10.14"]
[SourceVersion "1"]
[SourceVersionDate "2024.10.14"]
[SourceQuality "1"]

1. g3 e5 2. Bg2 d5 3. c4 c6 4. cxd5 cxd5 5. Qb3 Nf6 6. Nc3 e4 7. d3 Nc6 8. dxe4 d4 9. Nd5 Bc5 10. Bg5 Qa5+ 11. Bd2 Qd8 12. Rc1 b6 13. Nxf6+ Qxf6 14. e5 Qg6 15. Nf3 Be6 16. Qa4 Bd7 17. Nh4 Qe6 18. Qb3 Qxb3 19. axb3 Rc8 20. f4 0-0 21. Be4 Nb4 22. Nf5 Be6 23. Nd6 Bxd6 24. Rxc8 Rxc8 25. exd6 Nd5 26. Kf2 Nf6 27. Bd3 Ng4+ 28. Ke1 Rc6 29. h3 Ne3 30. Kf2 Rxd6 31. Rc1 g6 32. b4 Nd5 33. g4 Rd8 34. f5 Bd7 35. Be4 Nf6 36. Bd3 Nd5 37. Bg5 Re8 38. b5 Ne3 39. Rc7 gxf5 40. Rxd7 fxg4 41. h4 Nd1+ 42. Kg3 1-0

[Event "Titled Tuesday intern op 24th Sep Early"]
[Site "Chess.com INT"]
[Date "2024.09.24"]
[Round "1"]
[White "Ashraf, Artin"]
[Black "Badelka, Olga"]
[Result "1-0"]
[WhiteElo "2388"]
[BlackElo "2430"]
[PlyCount "83"]
[EventDate "2024.09.24"]
[EventType "swiss (blitz)"]
[EventRounds "11"]
[EventCountry "USA"]
[SourceTitle "EXT 2025"]
[Source "ChessBase"]
[SourceDate "2024.10.14"]
[SourceVersion "1"]
[SourceVersionDate "2024.10.14"]
[SourceQuality "1"]

1. e4 c5 2. d4 cxd4 3. c3 d3 4. Bxd3 Nc6 5. Nf3 g6 6. 0-0 Bg7 7. Re1 d6 8. h3 Nf6 9. a4 0-0 10. Na3 d5 11. exd5 Nxd5 12. Nc4 h6 13. a5 Rb8 14. Be4 Nf6 15. Qxd8 Rxd8 16. Bf4 Ra8 17. Bc2 Nd5 18. Bg3 Bf5 19. Bb3 Rac8 20. Nd6 exd6 21. Bxd5 a6 22. Nh4 Bd3 23. Re3 Bc2 24. Rc1 g5 25. Rxc2 gxh4 26. Bxh4 Re8 27. Rce2 Rxe3 28. Rxe3 Nxa5 29. Re7 b5 30. Rxf7 Kh8 31. Ra7 Nc4 32. Rxa6 Nxb2 33. Rxd6 Na4 34. Be6 Rb8 35. f4 Nxc3 36. f5 Ne4 37. Rd7 b4 38. Rd3 Nc5 39. Rd5 Nxe6 40. fxe6 b3 41. e7 Kh7 42. Rd8 1-0

[Event "Swiss Queens Wed #33"]
[Site "FIDE Online Arena INT"]
[Date "2024.09.11"]
[Round "1"]
[White "Badelka, Olga"]
[Black "Jimenez Salas, Maria Teresa"]
[Result "1-0"]
[WhiteElo "2430"]
[BlackElo "1995"]
[PlyCount "69"]
[EventDate "2024.09.11"]
[EventType "swiss (blitz)"]
[EventRounds "11"]
[EventCountry "NET"]
[SourceTitle "EXT 2025"]
[Source "ChessBase"]
[SourceDate "2024.10.14"]
[SourceVersion "1"]
[SourceVersionDate "2024.10.14"]
[SourceQuality "1"]

1. b3 d5 2. Bb2 Bg4 3. g3 Nd7 4. Bg2 c6 5. Nf3 Bxf3 6. Bxf3 e5 7. 0-0 Ngf6 8. c4 e4 9. Bg2 Bd6 10. d3 exd3 11. cxd5 Nxd5 12. Bxg7 Rg8 13. Bb2 dxe2 14. Qxe2+ Qe7 15. Qxe7+ Bxe7 16. Re1 N7b6 17. Nc3 Rd8 18. Nxd5 Nxd5 19. Rad1 Rg6 20. Be4 Rh6 21. Bg7 Rh5 22. h4 Kd7 23. Bf3 Rxh4 24. gxh4 Rg8 25. Bxd5 cxd5 26. Rxd5+ Kc6 27. Rxe7 Kxd5 28. Rxf7 Kc6 29. h5 a5 30. h6 b5 31. Rf8 Rxf8 32. Bxf8 a4 33. bxa4 bxa4 34. a3 Kd5 35. Kf1 1-0